[Event "Bundesliga 0910"]
[Site "Germany"]
[Date "2010.04.11"]
[Round "15.7"]
[White "Troyke, Christian"]
[Black "Sarbok, Torsten"]
[Result "1/2-1/2"]
[WhiteElo "2350"]
[BlackElo "2319"]
[PlyCount "40"]
[EventDate "2009.10.16"]
[EventType "team-tourn"]
[EventRounds "15"]
[EventCountry "GER"]
[SourceTitle "EXT 2011"]
[Source "ChessBase"]
[SourceDate "2010.11.26"]
[SourceVersion "1"]
[SourceVersionDate "2010.11.26"]
[SourceQuality "1"]
[WhiteTeam "Erfurt"]
[BlackTeam "Koenig Tegel"]
[WhiteTeamCountry "GER"]
[BlackTeamCountry "GER"]

1. g3 d5 2. Nf3 Bg4 3. Bg2 Nd7 4. c4 e6 5. cxd5 exd5 6. Nc3 Ngf6 7. 0-0 Be7 8. d3 0-0 9. h3 Bxf3 10. Bxf3 c6 11. e4 Ne5 12. exd5 Nxf3+ 13. Qxf3 Nxd5 14. Nxd5 Qxd5 15. Qxd5 cxd5 16. Be3 Bf6 17. Rac1 Rfc8 18. Rxc8+ Rxc8 19. Rc1 Rxc1+ 20. Bxc1 a6 1/2-1/2

[Event "Bundesliga 0910"]
[Site "Germany"]
[Date "2010.03.20"]
[Round "12.7"]
[White "Hoffmann, Michael"]
[Black "Sarbok, Torsten"]
[Result "1-0"]
[WhiteElo "2513"]
[BlackElo "2319"]
[PlyCount "67"]
[EventDate "2009.10.16"]
[EventType "team-tourn"]
[EventRounds "15"]
[EventCountry "GER"]
[SourceTitle "EXT 2011"]
[Source "ChessBase"]
[SourceDate "2010.11.26"]
[SourceVersion "1"]
[SourceVersionDate "2010.11.26"]
[SourceQuality "1"]
[WhiteTeam "Solingen"]
[BlackTeam "Koenig Tegel"]
[WhiteTeamCountry "GER"]
[BlackTeamCountry "GER"]

1. d4 d5 2. c4 c6 3. Nf3 Nf6 4. Nc3 e6 5. Bg5 Nbd7 6. e3 Be7 7. Bd3 0-0 8. 0-0 dxc4 9. Bxc4 c5 10. Qe2 cxd4 11. Nxd4 Ne5 12. Rfd1 Qa5 13. Ne4 Nxc4 14. Qxc4 Nd5 15. Bxe7 Nxe7 16. Rac1 Nd5 17. Nd6 Nb6 18. Qb3 e5 19. Nxf7 Qd5 20. Qxd5 Nxd5 21. Nxe5 Re8 22. Nc4 Bg4 23. f3 Bh5 24. e4 Nf4 25. g3 Nh3+ 26. Kg2 Ng5 27. g4 Bxg4 28. fxg4 Rxe4 29. h3 Rd8 30. Nf3 Rxd1 31. Rxd1 Nxf3 32. Rd8+ Kf7 33. Nd6+ Ke7 34. Nxe4 1-0

[Event "EU-ch 11th"]
[Site "Rijeka"]
[Date "2010.03.09"]
[Round "4"]
[White "Sarbok, Torsten"]
[Black "Schweitzer, Werner"]
[Result "1-0"]
[WhiteElo "2319"]
[BlackElo "2069"]
[PlyCount "107"]
[EventDate "2010.03.06"]
[EventType "swiss"]
[EventRounds "11"]
[EventCountry "CRO"]
[SourceTitle "CBM 136"]
[Source "ChessBase"]
[SourceDate "2010.05.18"]
[SourceVersion "1"]
[SourceVersionDate "2010.05.18"]
[SourceQuality "1"]

1. e4 c6 2. d4 d5 3. exd5 cxd5 4. Bd3 Nc6 5. c3 Nf6 6. Bf4 g6 7. Qc2 Bg7 8. Nf3 Be6 9. 0-0 0-0 10. Nbd2 Qc8 11. Nh4 Qd7 12. Nb3 b6 13. Rfe1 a5 14. Qd2 Kh8 15. f3 Ne8 16. g4 Nd6 17. Qe2 Rae8 18. Rad1 Kg8 19. Bb1 Nd8 20. Nc1 Bf6 21. Bg3 Bg5 22. Nd3 f6 23. Nf4 Bf7 24. Nfxg6 hxg6 25. Nxg6 Bxg6 26. Bxg6 N6f7 27. f4 Bh6 28. h4 e6 29. Kh2 Re7 30. Rg1 Nd6 31. g5 Rg7 32. Bd3 fxg5 33. fxg5 Bxg5 34. hxg5 Nf5 35. Rg2 Nxg3 36. Rxg3 Qd6 37. Kg2 Rf4 38. g6 Qe7 39. Rh1 Rh4 40. Rf1 Rh6 41. Qf3 b5 42. Qf6 b4 43. Qf4 Rh5 44. Rh1 Rxh1 45. Kxh1 bxc3 46. bxc3 Nc6 47. Rh3 Qd8 48. Qh6 Kf8 49. Qh8+ Rg8 50. Qh7 Qf6 51. Kg2 Ne7 52. Rg3 Rg7 53. Qh8+ Ng8 54. Rf3 1-0

[Event "EU-ch 11th"]
[Site "Rijeka"]
[Date "2010.03.08"]
[Round "3"]
[White "Holzke, Frank"]
[Black "Sarbok, Torsten"]
[Result "1-0"]
[WhiteElo "2526"]
[BlackElo "2319"]
[PlyCount "179"]
[EventDate "2010.03.06"]
[EventType "swiss"]
[EventRounds "11"]
[EventCountry "CRO"]
[SourceTitle "CBM 136"]
[Source "ChessBase"]
[SourceDate "2010.05.18"]
[SourceVersion "1"]
[SourceVersionDate "2010.05.18"]
[SourceQuality "1"]

1. d4 d5 2. c4 e6 3. Nc3 Nf6 4. Nf3 Be7 5. Bf4 0-0 6. e3 Nbd7 7. a3 dxc4 8. Bxc4 Nb6 9. Ba2 Nbd5 10. Nxd5 Nxd5 11. Bg3 c5 12. 0-0 cxd4 13. Qxd4 Qb6 14. Qxb6 Nxb6 15. Ne5 Bd7 16. Nxd7 Nxd7 17. Rfd1 Nb6 18. Be5 Rfd8 19. Kf1 Rac8 20. Bb3 Bf6 21. Rxd8+ Rxd8 22. Bxf6 gxf6 23. Ke2 Rc8 24. Rd1 Kf8 25. Rd4 Ke7 26. Kd2 h6 27. Rb4 Rd8+ 28. Kc1 Rc8+ 29. Kd2 Rd8+ 30. Kc1 Rc8+ 31. Bc2 Rc7 32. Rh4 Nc4 33. Rxh6 Ne5 34. Rh4 f5 35. Kb1 Rd7 36. Kc1 Rc7 37. Kb1 Rd7 38. e4 Ng6 39. Rh3 f4 40. Rb3 Ne5 41. Kc1 b6 42. Rc3 Kd8 43. g3 f3 44. Bd1 Nd3+ 45. Kb1 Ne1 46. Bxf3 Rd2 47. Re3 Rxf2 48. Bd1 Rf1 49. Kc1 Rh1 50. Kd2 Ng2 51. Re2 Rxh2 52. e5 Ke7 53. Rf2 a5 54. Be2 Kf8 55. Bf1 Rh5 56. Bxg2 Rxe5 57. Re2 Rg5 58. Re3 Ke7 59. Ke2 Rb5 60. b3 Rc5 61. Kf2 Rc2+ 62. Kf3 f5 63. Bf1 Kf6 64. g4 Kg5 65. gxf5 exf5 66. a4 Rc1 67. Bc4 Rc2 68. Re6 Rc3+ 69. Kf2 b5 70. axb5 a4 71. Re3 Rc2+ 72. Re2 axb3 73. Bxb3 Rc5 74. Ba4 Rc4 75. Bd1 Rb4 76. Re5 Kf4 77. Rc5 Rb2+ 78. Be2 Ke4 79. Rc8 f4 80. Re8+ Kf5 81. Rf8+ Ke4 82. Re8+ Kf5 83. Kg2 Rb3 84. Rb8 Rb2 85. Kf3 Rb3+ 86. Kf2 Ke5 87. Bf3 Rb2+ 88. Kg1 Kd4 89. b6 Ke3 90. Bc6 1-0